| 000 | 00782nas a2200265 4500 | ||
|---|---|---|---|
| 001 | BR0805433 | ||
| 003 | BR-BrBNA | ||
| 005 | 20231205112427.0 | ||
| 007 | ta | ||
| 008 | 230509b bl.|||p| |||| 00| 00por d | ||
| 040 |
_aBR-BrBNA _bpor _cBiblioteca Nacional de Agricultura |
||
| 041 | _a(Pt) | ||
| 072 | _aF30 | ||
| 100 | 1 | _aBahia, H.F. | |
| 100 | 1 | _aSilva, S.A. | |
| 100 | 1 | _aFernandez, L.G. | |
| 100 | 1 | _aLado, C.A. da S. | |
| 100 | 1 | _aMoreira, R.F.C. | |
| 245 | 1 | _aDivergência genética entre cinco cultivares de mamoneira | |
| 650 | _aMAMONA | ||
| 650 | _aVARIAÇÃO GENETICA | ||
| 773 | 0 |
_tPesquisa Agropecuaria Brasileira (Brazil) _xISSN 0100-204X _g(Mar 2008), v. 43(3) p. 357-362 _wBR0805433 |
|
| 909 |
_a202311 _bLúcia _c55 _dLúcia Elande |
||
| 942 |
_2AGRIS _n0 _cANA |
||
| 999 |
_c198019 _d198019 |
||